[Event "28th WSCC Open 65 2018"]
[Site "Bled"]
[Date "2018.11.19"]
[Round "2"]
[White "Gundersen, Helge"]
[Black "Karasev, Vladimir I"]
[Result "1-0"]
[WhiteElo "2109"]
[BlackElo "2314"]
[Annotator "TA"]
[PlyCount "81"]
[EventDate "2018.11.17"]
[EventType "swiss"]
[EventCountry "SLO"]
[SourceTitle "playchess.com"]
[Source "ChessBase"]
[SourceQuality "1"]

{[%evp 9,81,-22,1,-25,0,-43,-48,-45,-12,-74,-64,-88,-53,-56,-40,-91,-84,-92,-85,-85,-75,-84,0,2,14,-73,68,62,60,70,71,72,82,72,172,89,98,106,103,76,75,69,66,56,49,61,48,4,58,58,156,156,164,164,172,170,174,156,791,701,4872,4676,4917,4133,1723,1960,841,841,5065,2990,5057,4787,1302,787]} 1. Nf3 d6 2. e4 c5 3. b3 Nc6 4. Bb2 e5 5. g3 g5 $146 {[%cal Bg7g5,Bg5g4][%mdl 32]} ({Predecessor:} 5... Nf6 6. d3 g6 7. Bg2 Bg7 8. O-O O-O 9. Nbd2 h6 10. a3 Be6 11. c3 Qd7 12. b4 Bh3 13. Rc1 Bxg2 14. Kxg2 Rae8 15. Re1 Nh5 {0-1 (53) Salgado Lopez,I (2425)-Korneev,O (2657) Elgoibar 2006}) 6. d3 {B50: Sicilian: 2...d6, Miscellaneous} Bg7 7. h4 g4 $1 {[%cal Rg4f3]} 8. Nfd2 {Black is slightly better.} h5 9. a4 (9. Bg2 $11 {keeps the balance.}) 9... Nge7 $17 10. Na3 Be6 11. Bg2 O-O 12. Qe2 (12. O-O $15) 12... Nd4 13. Qe3 f5 14. exf5 Nexf5 15. Qg5 Qxg5 ({Better is} 15... Qe8 $17 16. Ne4 Rd8) 16. hxg5 $11 d5 17. Rxh5 {[#]} (17. c3 $11 Nf3+ 18. Bxf3 gxf3 19. Nb5) 17... Nf3+ ({Black should play} 17... e4 $1 $17 {[%cal Re4e3][%mdl 512] And now ...e3 would win.} 18. dxe4 dxe4 19. Bxd4 (19. Nxe4 Nf3+ {[%mdl 64] Discovered Attack} 20. Bxf3 Bxb2 $17) 19... Bxd4) 18. Bxf3 $14 ({Much weaker is} 18. Nxf3 gxf3 19. Bf1 (19. Bxf3 e4 $15 {[%mdl 64] Discovered Attack (Double check)}) 19... Kf7 $11) 18... gxf3 19. O-O-O Nd4 20. Nb5 Nxb5 21. axb5 Kf7 (21... Bd7 $16 {is a better defense.}) 22. Re1 (22. Rdh1 $18) 22... Kg6 $16 23. Rh4 Bd7 24. c4 d4 25. Ne4 $36 {[%mdl 2048] White is more active.} b6 26. Kc2 a6 27. bxa6 Rxa6 28. Reh1 (28. Nf6 $5 Bxf6 29. gxf6 $14) 28... Bf5 (28... Be6 $11) 29. Nxc5 $1 $14 bxc5 {[#]} ({Black should try} 29... Raa8 $14 30. Ne4 Bxe4) 30. Rh6+ $1 $16 {[%mdl 512]} Bxh6 31. Rxh6+ Kg7 32. Rxa6 $18 {[%mdl 4096] Endgame KRB-KRB} Rh8 {[#] ...Rh2 is the strong threat.} 33. Rh6 $1 e4 $2 (33... Rc8 $16 34. Rf6 Bg4) 34. Rxh8 {White is clearly winning.} exd3+ 35. Kd2 Kxh8 {KB-KB} 36. Ba3 Kg7 37. Bxc5 Kg6 38. Bxd4 Kxg5 39. Ke3 Kg4 40. Bc3 Bg6 41. b4 {Accuracy: White = 52%, Black = 40%.} 1-0

[Event "28th WSCC Open 65 2018"]
[Site "Bled"]
[Date "2018.11.19"]
[Round "2"]
[White "Sorensen, Bent"]
[Black "Buchal, Stephan"]
[Result "0-1"]
[WhiteElo "2103"]
[BlackElo "2288"]
[Annotator "TA"]
[PlyCount "53"]
[EventDate "2018.11.17"]
[EventType "swiss"]
[EventCountry "SLO"]
[SourceTitle "playchess.com"]
[Source "ChessBase"]
[SourceQuality "1"]

{[%evp 12,53,43,26,46,34,34,14,41,39,36,0,0,0,0,-3,0,3,0,-37,-4,-10,-7,-4,-3,-129,-136,-134,-93,-112,-111,-127,-122,-120,-111,-117,-103,-422,-322,-370,-350,-772,-768,-936]} 1. Nf3 g6 2. d4 Bg7 3. e4 d6 4. Nc3 Nf6 5. Be2 O-O 6. O-O c6 7. Be3 {LiveBook: 17 Games} Qc7 {B08: Pirc Defence: Classical System} (7... Nbd7 8. Nd2 b6 9. f4 Bb7 10. e5 Ne8 11. Bf3 Nc7 12. Nde4 c5 13. exd6 exd6 14. Nxd6 Qe7 15. Nxb7 Qxe3+ {0-1 (28) Guseinov,G (2645)-Carlsen,M (2832) chess.com INT 2017}) 8. Qd2 b5 9. a3 Bg4 $146 {The position is equal.} ({Predecessor:} 9... Nbd7 10. Rad1 Bb7 11. Bd3 a6 12. Nh4 c5 13. d5 e6 14. Be2 b4 15. axb4 cxb4 {0-1 (44) Shentov,P (1781)-Tashkov,R (2211) Veliko Tarnovo 2013}) 10. Rfd1 Nbd7 11. Ne1 {[#] Threatens to win with f3.} Bxe2 12. Qxe2 Rfe8 13. Nd3 a6 14. f4 e5 $36 {[%mdl 2048] Black fights for an advantage.} 15. Qf3 Ng4 16. fxe5 Nxe3 17. Qxe3 Qa7 {[%cal Rd6e5]} 18. Ne2 (18. Qf2 $1 $11 {remains equal.}) 18... dxe5 $17 19. c3 Re7 20. Nf2 exd4 21. cxd4 c5 22. Rac1 {[%cal Rd4c5]} cxd4 23. Nxd4 Ne5 24. a4 $2 {[%mdl 8192] [#]} (24. b3 $17 {is a better chance.}) 24... bxa4 25. Qa3 Rd7 26. Qc3 $2 (26. Qxa4 Rad8 27. Nf3) 26... Rad8 $19 27. Qa3 {Accuracy: White = 16%, Black = 65%.} 0-1

[Event "28th WSCC Open 65 2018"]
[Site "Bled"]
[Date "2018.11.20"]
[Round "3"]
[White "Sveshnikov, Evgeny"]
[Black "Singer, Hans"]
[Result "1-0"]
[WhiteElo "2496"]
[BlackElo "2186"]
[Annotator "TA"]
[PlyCount "109"]
[EventDate "2018.11.17"]
[EventType "swiss"]
[EventCountry "SLO"]
[SourceTitle "playchess.com"]
[Source "ChessBase"]
[SourceQuality "1"]

{[%evp 22,109,46,33,52,46,44,31,32,20,27,26,27,23,26,28,35,37,31,15,30,27,38,8,41,22,33,25,32,28,50,29,16,30,39,44,56,35,71,71,71,71,71,71,71,18,18,19,19,0,0,0,0,0,0,0,0,0,8,8,20,-8,-8,-8,-8,-8,-8,-8,-8,-8,-8,-8,-8,-31,0,0,1484,1335,1333,1237,29971,2675,29980,29981,29981,29982,29984,29985,29992,29977]} 1. e4 c6 2. d4 d5 3. Nc3 dxe4 4. Nxe4 Nf6 5. Nxf6+ exf6 6. c3 Bd6 7. Bd3 O-O 8. Qc2 h6 9. Ne2 Qc7 10. h3 {B15: Caro-Kann: 3 Nc3: 3...g6 and 3...dxe4 4 Nxe4 Nf6 5 Nxf6+ exf6} (10. Bd2 Be6 11. Ng3 Nd7 12. O-O Rfe8 13. f4 b5 14. b3 Nf8 15. c4 bxc4 16. bxc4 Rad8 17. c5 Be7 {½-½ (40) Asis Gargatagli,H (2538)-Iturrizaga Bonelli,E (2652) Maia 2018}) 10... Re8 11. O-O Nd7 12. Be3 {LiveBook: 20 Games. White is slightly better.} b6 13. c4 $146 ({Predecessor:} 13. Bc4 Bb7 14. Bxh6 Nf8 15. Be3 c5 16. d5 Ng6 17. Rad1 Qe7 18. Bb5 Qe5 {1-0 (44) Bayram,I (1601)-Ilkbahar,N (1501) Konya 2016}) 13... Bb7 14. Nc3 Rad8 15. Rfe1 Bh2+ 16. Kh1 Bf4 17. Qd2 Bxe3 18. Rxe3 Nf8 19. Rxe8 Rxe8 20. Bc2 Rd8 21. Rd1 Ne6 22. Ne2 Qd6 23. Qc3 Nf4 24. Nxf4 Qxf4 25. Kg1 g6 26. Qe3 (26. c5 {keeps more tension.} bxc5 27. Qxc5 Re8 28. Bd3 Qb8 29. a4) 26... Qxe3 27. fxe3 $11 {[%mdl 4096] Endgame KRB-KRB} f5 28. b4 {[%cal Bb2b4,Bb4b5][%mdl 32]} Kf8 29. Rd3 c5 30. dxc5 ({Of course not} 30. bxc5 Be4 $11) 30... Rxd3 31. Bxd3 bxc5 $16 {KB-KB} 32. b5 ({Reject} 32. bxc5 Ke7 $11) 32... Ke7 {[#]} 33. a4 (33. Be2 $1 $16) 33... a5 $1 $11 34. Kf2 Kd6 35. g4 fxg4 36. hxg4 Bc8 37. Kg3 Ke5 38. Be2 Ke4 39. Kf2 f6 40. b6 Ba6 $1 41. Bf1 Ke5 42. Bg2 {[#] Strongly threatening b7.} Kd6 43. Bd5 Kd7 $1 44. Kf3 Kc8 45. e4 Kb8 46. e5 fxe5 {aiming for ...h5.} 47. Ke4 Bc8 {next ...h5 is good for Black.} 48. Kxe5 Bd7 $2 {[%mdl 8192]} (48... h5 $11) 49. Kd6 $18 Bxa4 50. Kxc5 Be8 51. Kd4 (51. Kd6 $142 a4 52. c5 Bb5 53. c6 Bxc6 54. Kxc6 Kc8 55. Kb5 a3 56. Kb4) 51... h5 52. gxh5 {White mates.} gxh5 53. c5 {[%cal Bc4c5,Bc5c6][%mdl 32]} h4 54. c6 h3 55. Ke4 {Accuracy: White = 52%, Black = 45%.} 1-0

[Event "28th WSCC Open 65 2018"]
[Site "Bled"]
[Date "2018.11.20"]
[Round "3"]
[White "Balashov, Yuri S"]
[Black "Kierzek, Matthias"]
[Result "1-0"]
[WhiteElo "2445"]
[BlackElo "2182"]
[Annotator "TA"]
[PlyCount "73"]
[EventDate "2018.11.17"]
[EventType "swiss"]
[EventCountry "SLO"]
[SourceTitle "playchess.com"]
[Source "ChessBase"]
[SourceQuality "1"]

{[%evp 18,73,19,14,39,2,11,-16,-14,-16,-14,-17,-9,-18,-8,-14,28,0,20,12,44,43,35,35,78,74,85,66,68,57,41,50,91,50,59,52,60,67,52,65,73,69,116,116,124,124,168,174,636,656,2785,2508,29985,29986,29993,29992,29998,29999]} 1. c4 c6 2. d4 d5 3. Nc3 dxc4 4. e3 b5 5. a4 b4 6. Ne4 {D10: Slav Defence: 3 cxd5 (without early Nf3) and 3 Nc3} Qd5 7. Nd2 c3 8. bxc3 bxc3 9. Nb1 Qa5 10. Qb3 {LiveBook: 4 Games} (10. Qc2 Na6 11. Qxc3 Qxc3+ 12. Nxc3 Nb4 13. Rb1 a5 {1-0 (79) Wojtaszek,R (2750)-Bartel,M (2604) Warsaw 2018}) 10... Na6 11. Bc4 $146 ({Predecessor:} 11. Qxc3 Nb4 12. Bd2 e6 13. f3 Nf6 {1-0 (58) De Filomeno,S (2430)-Collutiis,D (2462) Condino 2014}) 11... e6 $1 12. Nxc3 Rb8 13. Qc2 Nb4 14. Qd2 Nf6 15. Nf3 {[%cal Bg1f3,Bf3e5,Be5c4][%mdl 32]} Ba6 16. Ne5 Bd6 17. Bxa6 Qxa6 18. Qe2 $1 Qa5 19. Nc4 {[%mdl 64] Double Attack} Qc7 20. e4 {e5 is the strong threat.} e5 21. Be3 O-O 22. Rd1 Rfe8 23. Nxd6 Qxd6 24. O-O a5 25. f4 exd4 26. Bxd4 Qe7 {[%cal Rf6e4]} 27. e5 $36 {[%mdl 2048] White is more active.} Nbd5 28. Qf3 Nxc3 29. Qxc3 ({But not} 29. Bxc3 Nd5 $11) 29... Nd5 30. Qxc6 Nb4 31. Qe4 Qd7 {[#]} 32. f5 $1 {Black must now prevent e6!} Qxa4 $2 (32... Qc6 33. Qg4 Nc2) 33. e6 $18 fxe6 34. Bxg7 exf5 35. Qxf5 {[%csl Gf1][%cal Rf5f7] White mates.} Rb7 36. Bh6 Qc6 {[#]} 37. Qf8+ $1 {[%mdl 576] Back Rank. Accuracy: White = 78%, Black = 32%.} 1-0

[Event "28th WSCC Open 65 2018"]
[Site "Bled"]
[Date "2018.11.20"]
[Round "3"]
[White "Birnboim, Nathan"]
[Black "Kolbak, Jens"]
[Result "1-0"]
[WhiteElo "2376"]
[BlackElo "2173"]
[Annotator "TA"]
[PlyCount "125"]
[EventDate "2018.11.17"]
[EventType "swiss"]
[EventCountry "SLO"]
[SourceTitle "playchess.com"]
[Source "ChessBase"]
[SourceQuality "1"]

{[%evp 26,125,13,1,40,14,16,0,0,0,0,-41,-28,-53,0,-3,-5,-13,0,-40,-33,-36,-36,-69,-25,-60,-25,-33,-33,-37,-22,-11,0,-12,0,-16,0,-18,0,0,0,0,0,0,0,0,0,0,9,0,10,10,2,0,0,0,51,43,75,43,59,0,62,54,133,96,114,108,170,96,96,96,141,96,130,122,114,126,291,312,289,289,290,248,363,362,338,231,266,301,424,410,486,425,433,422,4694,4702,2972,1960,1778,1440]} 1. d4 Nf6 2. c4 g6 3. Nc3 Bg7 4. g3 O-O 5. Bg2 d6 6. Nf3 Nbd7 7. O-O e5 8. Qc2 exd4 9. Nxd4 Nb6 10. Rd1 Nxc4 11. Ncb5 a6 12. Qxc4 axb5 13. Nxb5 Ne8 {E67: King's Indian: Fianchetto: 6...Nbd7} 14. Qb4 {LiveBook: 8 Games} Bd7 (14... Be6 15. Be3 Qe7 16. Nc3 Nf6 17. Qh4 Ra5 18. Bg5 h6 19. Bxh6 Rh5 20. Bxg7 Rxh4 21. Bxf8 Kxf8 22. gxh4 {0-1 (44) Zhou,W (2606)-Yu,Y (2750) China 2017}) 15. Nc3 $146 ({Predecessor:} 15. a4 Bc6 16. e4 Qd7 17. Be3 Nf6 18. e5 Ng4 19. e6 Qxe6 20. Nxc7 Qf5 21. Bxc6 bxc6 22. Nxa8 {½-½ (101) Kremenietsky,A (2353)-Kryakvin,D (2554) Krasnoyarsk 2007}) 15... Bc6 {The position is equal.} 16. Bxc6 bxc6 17. Qb7 c5 18. Qc6 Qc8 19. Bg5 {Black must now prevent Be7.} f6 (19... Bxc3 $15 20. bxc3 Ng7) 20. Bd2 Qa6 21. Qf3 Rb8 22. Rab1 f5 23. h4 Nf6 24. Bg5 Qb7 25. Qd3 Ne4 26. Nxe4 Qxe4 27. b3 Qxd3 (27... Rb7 {is more complex.} 28. Qxe4 fxe4 29. Rdc1 Ra8 30. Rc2 Kf7) 28. exd3 Rfe8 29. Kf1 Kf7 30. Be3 Rb4 31. Rbc1 Ra8 32. Rc2 Ke6 33. Re1 Kf7 34. Bg5 h6 35. Bf4 Rd4 36. Re3 Re8 (36... Rh8 {is interesting.} 37. Rf3 Bf6 38. Bd2 Rd5 39. b4 h5) 37. Ke2 Rb4 (37... Rh8 {keeps more tension.} 38. Rf3 Rd5 39. Be3 Re8 40. Kd2 h5) 38. Rxe8 Kxe8 $11 {[%mdl 4096] Endgame KRB-KRB} 39. Rc4 Rb7 40. Ra4 Kf7 (40... Rb8 $11) 41. Ra8 $14 Bf8 42. Bd2 Bg7 43. Bf4 ({White should try} 43. Be3 $14) 43... Ke6 (43... Bf8 $11) 44. Kd1 Kd5 (44... Bd4 $14) 45. Kc2 h5 46. a4 c6 (46... Be5 $16) 47. Re8 (47. Rd8 $18 {[%csl Gf4][%cal Rd8d6]} Be5 48. Bxe5 Kxe5 49. Rg8) 47... Rd7 48. Rg8 Re7 49. Bg5 Ra7 50. Bd8 Bd4 {next ...Ra8 is good for Black.} 51. Rxg6 Rd7 $2 {[#]} (51... Bxf2 $16 {keeps fighting.} 52. Bf6 Rf7) 52. Bg5 $1 $18 Bxf2 {[#]} 53. Bf4 $1 Bd4 54. Rg5 Rf7 (54... Rh7 $142 55. Rxf5+ Ke6) 55. Rxh5 Be5 56. Rg5 Bxf4 57. gxf4 {KR-KR} c4 (57... Rh7 {was called for.} 58. h5 (58. Rxf5+ Ke6 $16) 58... Kd4 59. Rxf5 d5) 58. bxc4+ Kd4 59. h5 {[%cal Bh4h5,Bh5h6,Bh6h7][%mdl 32] White is clearly winning.} Ke3 60. h6 {Hoping for Rg7.} Kxf4 (60... Rh7 $142 61. Rg6 d5) 61. Rg7 Rf8 62. h7 {Rg8 would kill now.} Rh8 63. Kd2 {Accuracy: White = 56%, Black = 27%.} 1-0

[Event "28th WSCC Open 65 2018"]
[Site "Bled"]
[Date "2018.11.20"]
[Round "3"]
[White "Vogt, Lothar"]
[Black "Srebrnic, Vojko"]
[Result "1/2-1/2"]
[WhiteElo "2359"]
[BlackElo "2140"]
[Annotator "TA"]
[PlyCount "35"]
[EventDate "2018.11.17"]
[EventType "swiss"]
[EventCountry "SLO"]
[SourceTitle "playchess.com"]
[Source "ChessBase"]
[SourceQuality "1"]

{[%evp 27,35,20,22,0,-2,-23,-17,-14,-22,-9]} 1. e4 e5 2. Nf3 Nc6 3. Bb5 f5 4. Nc3 fxe4 5. Nxe4 Nf6 6. Qe2 d5 7. Nxf6+ gxf6 8. d4 Bg7 9. dxe5 O-O 10. e6 Ne5 11. O-O c6 {C63: Ruy Lopez: Schliemann/Jaenisch Defence} (11... Bxe6 12. Nd4 Bg4 13. f3 Bc8 14. f4 c6 15. fxe5 fxe5 16. Rxf8+ Qxf8 17. Bd3 e4 18. Bxe4 Bxd4+ 19. Be3 Bxe3+ 20. Qxe3 dxe4 21. Qg5+ Qg7 22. Qd8+ Qf8 23. Qg5+ Qg7 {½-½ (23) Polgar,J (2707)-Radjabov,T (2735) Wijk aan Zee 2008}) 12. Bd3 Bxe6 13. Nd4 Bg4 14. f3 Nxd3 {LiveBook: 4 Games} 15. fxg4 Nxc1 16. Raxc1 Qb6 17. c3 f5 $146 ({Predecessor:} 17... Rae8 18. Qf2 Re4 19. h3 {0-1 (49) Peters,J (2454)-Khachiyan,M (2473) Costa Mesa 2003}) 18. gxf5 1/2-1/2

[Event "28th WSCC Open 65 2018"]
[Site "Bled"]
[Date "2018.11.20"]
[Round "3"]
[White "Shirazi, Kamran"]
[Black "Wahlbom, Magnus"]
[Result "0-1"]
[WhiteElo "2333"]
[BlackElo "2173"]
[Annotator "TA"]
[PlyCount "104"]
[EventDate "2018.11.17"]
[EventType "swiss"]
[EventCountry "SLO"]
[SourceTitle "playchess.com"]
[Source "ChessBase"]
[SourceQuality "1"]

{[%evp 10,104,0,-2,35,43,93,84,93,8,31,0,0,-19,9,15,22,0,5,-74,-69,-75,-64,-149,-47,-53,0,0,0,0,0,0,0,0,10,11,8,0,0,-26,-16,-64,-59,-71,-52,-150,-146,-135,-150,-172,-141,-165,-166,-375,-375,-372,-371,-361,-371,-417,-417,-389,-401,-389,-391,-381,-381,-692,-685,-467,-436,-843,-841,-845,-843,-676,-674,-830,-900,-1116,-931,-1225,-939,-2109,-1846,-6187,-6394,-6194,-6087,-6187,-6083,-29984,-29985,-29985,-29986,-29986,-29987]} 1. d4 Nf6 2. Bg5 g6 3. Nc3 d5 4. f3 Bg7 5. e4 dxe4 6. fxe4 {LiveBook: 5 Games. D01: Veresov Opening} c6 7. Nf3 Qa5 8. Qd2 {White is better.} Nbd7 9. a3 $146 ({White should play} 9. O-O-O $16) ({Predecessor:} 9. Bd3 e5 10. dxe5 Nxe5 11. O-O-O Nxf3 12. gxf3 {½-½ (67) Hajnal,Z (2401)-Wang,D (2130) Kecskemet 2012}) 9... e5 $1 $11 10. dxe5 Nxe5 11. Bh6 Nxf3+ 12. gxf3 O-O 13. Bc4 Rd8 $132 {[%mdl 2048] Black puts up resistance} 14. Qg5 {[#]} (14. Bd3 $1 $11 {remains equal.}) 14... Qb6 $1 $17 15. Bxg7 Kxg7 16. Bb3 ({Don't go for} 16. e5 $2 Nh5 $19) (16. Rb1 $1 $15) 16... h6 (16... Be6 $17 17. Qg1 c5) 17. Qg1 $15 Bh3 (17... Qc7 $15) 18. Qxb6 $11 axb6 19. Ke2 Kf8 20. Ke3 Nd7 21. Ne2 {Nf4 is the strong threat.} Nc5 22. Nf4 Bd7 23. Ba2 Ke7 24. Rhd1 g5 25. Nh5 f5 26. exf5 Bxf5 27. Bb3 (27. Rxd8 $15 Rxd8 28. b4) 27... Nxb3 $17 28. cxb3 {[#]} Bc2 $1 {[%cal Rc2d1]} 29. Re1 Bxb3 30. Kf2+ Kf7 31. Re3 $2 (31. Ng3 {might work better.}) 31... Rd2+ $19 32. Re2 Rad8 33. Rc1 b5 34. Ke1 Rxe2+ 35. Kxe2 {[%mdl 4096] Endgame KRB-KRN} Bc4+ 36. Ke1 Re8+ 37. Kd1 Re3 38. Rc3 $2 (38. Ng3 Rxf3 39. Ke1) 38... Be2+ 39. Kd2 Rxc3 40. bxc3 (40. Kxc3 $142 Bxf3 41. Ng3) 40... Bxf3 {KB-KN} 41. Ng3 Kf6 42. Ke3 Bd5 43. Ne2 h5 {[%cal Bh6h5,Bh5h4][%mdl 32]} 44. Ng1 Kf5 45. Nh3 h4 46. Ng1 g4 47. Kf2 Bc4 48. h3 gxh3 {( -> ...h2)} 49. Nxh3 Kg4 50. Kg2 {[#]} Bf1+ $1 {[%mdl 512] Black mates.} 51. Kxf1 Kxh3 52. Kf2 Kg4 {Precision: White = 26%, Black = 69%.} 0-1

[Event "28th WSCC Open 65 2018"]
[Site "Bled"]
[Date "2018.11.20"]
[Round "3"]
[White "Buchal, Stephan"]
[Black "Gundersen, Helge"]
[Result "0-1"]
[WhiteElo "2288"]
[BlackElo "2109"]
[Annotator "TA"]
[PlyCount "62"]
[EventDate "2018.11.17"]
[EventType "swiss"]
[EventCountry "SLO"]
[SourceTitle "playchess.com"]
[Source "ChessBase"]
[SourceQuality "1"]

{[%evp 9,62,63,81,83,79,50,40,40,52,27,29,18,33,19,22,0,18,0,16,-39,-26,-95,-87,-102,-109,-87,-49,-65,-48,-75,-43,-98,-33,-75,-70,-79,-33,-122,-61,-201,-201,-201,-198,-207,-194,-200,-43,-188,-133,-29980,-29980,-29976,-29977,-29987,-29988]} 1. Nf3 Nc6 2. e4 d6 3. d4 {[%cal Bd2d4,Bd4d5][%mdl 32]} Bg4 4. Be2 e5 5. d5 Bxf3 6. Bxf3 {B00: Queen's Fianchetto Defence, Nimzowitsch Defence} Nd4 7. Be3 Nxf3+ 8. Qxf3 {White is slightly better.} g6 9. c4 Bh6 10. Nc3 a6 $146 ({Predecessor:} 10... Bxe3 11. Qxe3 Nf6 12. h4 {½-½ (63) Jumabayev,R (2611)-Dubov,D (2661) Moscow 2017}) 11. Bxh6 Nxh6 12. h4 f5 13. exf5 O-O 14. g4 ({Better is} 14. Ne4 $11) 14... gxf5 $15 15. gxf5 (15. g5 $1 $11 e4 16. Qe2) 15... Rxf5 16. Qe2 Rf4 17. O-O-O Qf6 ({Much weaker is} 17... Rxh4 $6 18. f4 $1 $11 {[%mdl 512]}) 18. Ne4 Qf5 19. Rde1 Kh8 20. Rhg1 (20. c5 $15) 20... Rxh4 ({Black should try} 20... b6 $17) 21. Rh1 Qf4+ 22. Kb1 Rf8 23. b3 (23. Rxh4 $15 Qxh4 24. c5) 23... Nf5 (23... Rxh1 $17 24. Rxh1 Qg4 25. Qxg4 Nxg4) 24. Kb2 {[#]} (24. c5 $15) 24... Nd4 $1 $19 {[%cal Rd4e2]} 25. Qd3 Nf3 26. Rxh4 Qxh4 ({Don't take} 26... Nxh4 27. Rh1 $17) ({Resist} 26... Nxe1 27. Qh3 $17) 27. Re3 {[#]} Qf4 $2 ({Black should play} 27... Ng5 $1 $19 {And now ...Nxe4 would win.} 28. f3 Qf4) 28. Ka3 ({Only move:} 28. c5 $1 $15) 28... Nd4 (28... b6 $19 29. Qd1 b5) 29. Rh3 $2 {[%mdl 8192]} (29. Kb2 $17) 29... Qc1+ {Black mates.} 30. Kb4 Nc2+ 31. Kc3 Ne1+ {[%mdl 64] Discovered Attack (Double check). Accuracy: White = 11%, Black = 42%.} 0-1

[Event "28th WSCC Open 65 2018"]
[Site "Bled"]
[Date "2018.11.20"]
[Round "3"]
[White "Maryasin, Boris"]
[Black "Vepkhvishvili, Varlam"]
[Result "1-0"]
[WhiteElo "2284"]
[BlackElo "2073"]
[Annotator "TA"]
[PlyCount "95"]
[EventDate "2018.11.17"]
[EventType "swiss"]
[EventCountry "SLO"]
[SourceTitle "playchess.com"]
[Source "ChessBase"]
[SourceQuality "1"]

{[%evp 28,95,23,25,42,38,47,41,48,35,33,36,37,19,66,62,106,108,172,146,137,169,225,157,347,302,314,333,646,642,623,635,610,608,622,525,515,509,505,512,725,764,762,754,1018,1014,966,787,1100,1093,1067,955,1066,1038,1147,1346,1328,1344,1318,1261,1116,1095,29983,29984,29969,6491,29989,29990,29989,29990]} 1. e4 e5 2. Nf3 Nc6 3. Bb5 a6 4. Ba4 Nf6 5. O-O Be7 6. Re1 b5 7. Bb3 d6 8. c3 O-O 9. d4 {[%cal Bd2d4,Bd4d5][%mdl 32]} Bg4 10. d5 Na5 11. Bc2 c6 12. h3 Bh5 13. dxc6 Qc7 14. Nbd2 {[%cal Bb1d2,Bd2f1,Bf1g3][%mdl 32]} Qxc6 15. Nf1 {LiveBook: 27 Games. C91: Closed Ruy Lopez: 7...d6 8 c3 0-0 9 d4} Rfc8 (15... Bg6 16. Ng3 Rfe8 17. a4 Nc4 18. Qe2 d5 19. exd5 Nxd5 20. Bxg6 hxg6 21. axb5 axb5 22. Nxe5 Nxe5 23. Rxa8 Rxa8 24. Qxe5 {½-½ (30) Naiditsch,A (2626)-Carlsen,M (2548) Warsaw 2005}) 16. Ng3 Bg6 17. Nh4 {White is slightly better.} Rab8 $146 ({Predecessor:} 17... Ne8 18. Ngf5 Bxf5 19. Nxf5 Bf8 20. a4 b4 21. cxb4 Qxc2 22. bxa5 Nf6 {1-0 (45) Antipenko,A-Matskul,A RCCA 1995}) 18. Nhf5 Bf8 19. Bg5 {Hoping for Bxf6.} Ne8 20. h4 f6 21. Bc1 $36 {[%mdl 2048] White is more active.} b4 22. Ba4 Qc7 (22... Qb6 $16) 23. cxb4 $18 Rxb4 24. Bd2 Rbb8 (24... Rxb2 {is a better defense.} 25. Rc1 Nc4) 25. Rc1 Qb6 $2 (25... Qd8 $16 {was called for.} 26. Rxc8 Rxc8) 26. Rxc8 Rxc8 27. h5 Bf7 $2 {[#]} (27... Bxf5 28. Nxf5 Kh8) 28. Nh6+ $1 {[%mdl 512]} gxh6 29. Qg4+ Ng7 30. Qxc8 Nc4 31. Bc3 d5 32. exd5 Nd6 33. Qc6 Qa7 {[#] ...Be8 is the strong threat.} 34. Ne4 Nge8 35. Bb4 Nxe4 36. Rxe4 f5 37. Rxe5 Bxb4 38. Rxe8+ Kg7 39. Re3 f4 40. Re4 Qb8 41. Qc4 Bd6 42. Qd4+ Kg8 43. Bd7 Qc7 44. Be6 Qc2 45. Bxf7+ Kxf7 46. Re6 {White wants to mate with Qf6+.} Be7 47. Qxf4+ Ke8 48. Qe5 {Precision: White = 85%, Black = 29%.} 1-0

[Event "28th WSCC Open 65 2018"]
[Site "Bled"]
[Date "2018.11.20"]
[Round "3"]
[White "Ackermann, Hans Werner"]
[Black "Padilla, Brayan David"]
[Result "1/2-1/2"]
[WhiteElo "2272"]
[BlackElo "1948"]
[Annotator "TA"]
[PlyCount "31"]
[EventDate "2018.11.17"]
[EventType "swiss"]
[EventCountry "SLO"]
[SourceTitle "playchess.com"]
[Source "ChessBase"]
[SourceQuality "1"]

{[%evp 9,31,-4,12,-7,7,0,3,-76,-77,-138,-134,-138,-118,-135,-125,-115,-98,-80,-86,-94,-78,-84,-57,-92]} 1. Nf3 Nf6 2. b3 g6 3. Bb2 Bg7 4. c4 c5 5. e3 (5. g3 b6 6. Bg2 Bb7 7. O-O O-O 8. d4 cxd4 9. Qxd4 d6 10. Nc3 Nbd7 11. Qd2 a6 12. Rfd1 Rc8 13. Rac1 Re8 14. Ne1 Qc7 15. Nd5 Qb8 16. Bh3 Ne4 17. Qc2 Bxb2 18. Qxb2 e6 {½-½ (41) Svidler,P (2760)-Gelfand,B (2695) Moscow 2018}) 5... Nc6 {LiveBook: 39 Games} 6. d4 {A30: Symmetrical English: Double Fianchetto and Hedgehog} cxd4 7. exd4 d5 8. cxd5 $146 (8. Be2 $1 $11 {keeps the balance.}) ({Predecessor:} 8. Be2 O-O 9. O-O Bf5 10. Nbd2 Rc8 11. Ne5 Qa5 12. a3 Nxe5 13. dxe5 Ne4 14. b4 Qc7 15. cxd5 Qc2 16. Nxe4 Qxb2 17. Ng3 Bc2 18. Qd2 Bxe5 19. Rac1 Rfd8 20. Bg4 f5 21. Nxf5 Bxf5 22. Qxb2 Bxb2 23. Rxc8 Rxc8 {0-1 (23) Lipiniks,L (1825)-Almiron,A (2268) Asuncion 2015}) 8... Nxd5 $17 9. Bb5 (9. Bc4 $142) 9... Qa5+ 10. Nc3 Nxc3 11. Bxc6+ bxc6 12. Qd2 Qd5 {[#] White must now prevent ...Nb5.} 13. Qxc3 Ba6 14. O-O-O O-O 15. Kb1 Rfc8 16. Qc5 1/2-1/2